Origen de los Indios en el Nuevo Mundo, e Indias Occidentales

Kaydedildi:
Detaylı Bibliyografya
Yazar: García, Gregorio (Yazar)
Materyal Türü: Kitap
Dil:İspanyolca
Baskı/Yayın Bilgisi: Madrid Imprenta de Francisco Martínez Abad 1729
Edisyon:2a. ed
Konular:
Online Erişim:portada
Etiketler: Etiketle
Etiket eklenmemiş, İlk siz ekleyin!

MARC

LEADER 00000nam a2200000 a 4500
001 UCJ5768
003 CL-VaPUC
008 070124e17290000SP |||||||||||||||||spa|d
082 0 4 |a 980  |b GAR  |2 21 
100 |a García, Gregorio  |e author  |9 603064 
245 1 0 |a Origen de los Indios en el Nuevo Mundo, e Indias Occidentales 
250 |a 2a. ed 
300 |a 376 p 
942 |c BK 
945 |d 20070124 00:00:00  |a rinostro 
260 |a Madrid  |b Imprenta de Francisco Martínez Abad  |c 1729 
500 |a Folio, pasta.- Porta.- v. en b.- Aprobación eclesiástica.- 16 h., 336 p, 40 h; Colofón.- Apostillado 
650 0 |a Historia de América  |9 266076 
650 0 |a Antropología cultural y social   |9 265143 
650 0 |a Historiadores  |9 314498 
650 0 |a Flora y fauna  |9 338564 
650 0 |a Aborígenes  |9 329972 
650 0 |a Desarrollo cultural  |9 267526 
650 0 |a Mitos y leyendas  |9 409902 
650 7 |a LIBROS RAROS  |2 CL-VaPUC  |9 321878 
650 7 |a DESCRIPCION BIBLIOFILICA  |2 CL-VaPUC  |9 504580 
651 7 |a ATLANTIDA  |2 CL-VaPUC  |9 317620 
856 7 |f UCJ5768_01.jpg  |u http://opac.pucv.cl/pucv_img/Img-5500/UCJ5768_01.jpg  |q JEPG  |2 file  |z portada 
583 |a last modification  |c 20070124 00:00:00  |k Rodrigo Vera 
999 |c 321877  |d 321875 
952 |0 0  |1 0  |4 0  |6 980_000000000000000_GAR_1729  |7 0  |8 X  |9 400751  |a FDOBUD  |b FDOBUD  |d 2019-11-22  |i 1039253  |o 980 GAR 1729  |p 1039253  |r 2019-11-22  |w 2019-11-22  |y BK_X  |k BUD